Meaning Of Gardens (Record no. 15858)

MARC details
000 -LEADER
fixed length control field 00336nam a2200145Ia 4500
008 - FIXED-LENGTH DATA ELEMENTS--GENERAL INFORMATION
fixed length control field 220803s9999 xx 000 0 und d
020 ## - INTERNATIONAL STANDARD BOOK NUMBER
International Standard Book Number 262560615
041 ## - LANGUAGE CODE
Language code of text/sound track or separate title eng
082 ## - DEWEY DECIMAL CLASSIFICATION NUMBER
Classification number 712.36 FRA
100 ## - MAIN ENTRY--PERSONAL NAME
Personal name Francis M Ed.
9 (RLIN) 24982
245 ## - TITLE STATEMENT
Title Meaning Of Gardens
260 ## - PUBLICATION, DISTRIBUTION, ETC. (IMPRINT)
Place of publication, distribution, etc. London
Name of publisher, distributor, etc. MIT Press
Date of publication, distribution, etc. 1990
300 ## - PHYSICAL DESCRIPTION
Extent 284p
500 ## - GENERAL NOTE
Keywords LANDS
Holdings
Withdrawn status Lost status Damaged status Not for loan Collection code Home library Current library Date acquired Vendor Cost, normal purchase price Full call number Barcode Date last seen Cost, replacement price Bill Date Koha item type Original Barcode
        Book of B Arch Dr. Bhanuben Nanavati College of Architecture Dr. Bhanuben Nanavati College of Architecture 21/08/2015 Principal 2163.75 712.36 FRA BNCA-BK-9432 03/08/2022 2163.75 12/08/2015 Reference book B09432